Marx and the Western World
Wedi'i Gadw mewn:
| Prif Awdur: | |
|---|---|
| Fformat: | Llyfr |
| Iaith: | Saesneg |
| Cyhoeddwyd: |
Londres
University of Notre Dame Press
1967
|
| Rhifyn: | 1a. ed |
| Pynciau: | |
| Tagiau: |
Ychwanegu Tag
Dim Tagiau, Byddwch y cyntaf i dagio'r cofnod hwn!
|
MARC
| LEADER | 00000cam a2200000 a 4500 | ||
|---|---|---|---|
| 001 | UCD4474 | ||
| 003 | CL-VaPUC | ||
| 008 | 160708e19670000uk |||||||||||||||||eng|d | ||
| 082 | 0 | 4 | |a 335.4 |b LOB |2 21 |
| 100 | |a Lobkowicz, Nicholas |e autor |q Lobkowicz, Nikolaus |9 588164 | ||
| 245 | 1 | 0 | |a Marx and the Western World |
| 250 | |a 1a. ed | ||
| 300 | |a 444 p | ||
| 600 | 0 | |a Marx, Karl Heinrich, |d 1818-1883 |9 861123 | |
| 942 | |c BK | ||
| 945 | |d 20160708 23:22:00 |a arojas | ||
| 260 | |a Londres |b University of Notre Dame Press |c 1967 | ||
| 650 | 7 | |a MARXISMO |2 CL-VaPUC |9 588165 | |
| 583 | |a last modification |c 20160708 23:22:00 |k Rodrigo Vera | ||
| 999 | |c 365372 |d 365370 | ||
| 952 | |0 0 |1 0 |3 erd |4 0 |6 335_400000000000000_LOB_1967 |7 0 |8 A |9 479190 |a FDOHBE |b FDOHBE |e Huesbe Llanos, Marco Antonio, 1934- |i 5306477 |o 335.4 LOB 1967 |p 5306477 |r 2024-01-30 |w 2019-11-24 |y BK |z Catalogado en:20160708 |k HBE | ||